| Tag |
First Indicator |
Second Indicator |
Subfields |
| LEADER |
00000cam a2200000 i 4500 |
| 001 |
in00000979679 |
| 005 |
20150927110710.0 |
| 008 |
770721s1910 xx a 01010 ger d |
| 010 |
|
|
|a a 12001776
|
| 035 |
|
|
|a (OCoLC)03132122
|
| 035 |
|
|
|9 AEV9220AM
|
| 040 |
|
|
|a PAU
|c PAU
|d UtOrBLW
|
| 049 |
|
|
|a TXAM
|
| 090 |
|
|
|a P26
|b .V615 1910
|
| 245 |
0 |
0 |
|a Festschrift Wilhelm Viëtor :
|b zum 25. Dezember 1910 /
|c dargebracht von F. Brie [and others].
|
| 264 |
|
1 |
|a Marburg :
|b N. G. Elwert,
|c 1910.
|
| 300 |
|
|
|a iv, 333 pages :
|b illustrations ;
|c 23 cm.
|
| 336 |
|
|
|a text
|b txt
|2 rdacontent
|
| 337 |
|
|
|a unmediated
|b n
|2 rdamedia
|
| 338 |
|
|
|a volume
|b nc
|2 rdacarrier
|
| 490 |
1 |
|
|a Die neueren Sprachen : Ergänzungsband ;
|v 1910
|
| 650 |
|
0 |
|a Philology.
|
| 700 |
1 |
|
|a Viëtor, Wilhelm,
|d 1850-1918.
|
| 700 |
1 |
|
|a Brie, Friedrich,
|d 1880-
|
| 830 |
|
0 |
|a neueren Sprachen : Ergänzungsband ;
|v 1910.
|
| 999 |
|
|
|a MARS
|
| 999 |
f |
f |
|s 2545d58b-1729-36f7-95d0-ed9de61a94a0
|i bc547662-ea50-36aa-9ef3-9691b51024f3
|t 0
|
| 952 |
f |
f |
|p ric
|a Texas A&M University
|b Rellis Campus
|c Joint Library Facility
|s JLF
|d Remote Storage
|t 0
|e P26 .V615 1910
|h Library of Congress classification
|i unmediated -- volume
|m A14814338292
|
| 998 |
f |
f |
|a P26 .V615 1910
|t 0
|l Remote Storage
|